00438nam a2200169Ia 4500008004100000041000800041082002100049100001400070245005800084250001200142260002400154365001600178700001700194710003000211906000800241999001900249230312s9999 xx 000 0 und d aeng a620.1b620.1 BEE aBeer F.P. aVector Mechanics For Engineers bDynamics And Statics a8th ed. bTata McGraw - Hill  cRs.b475.00 aJohnstonE.R. aBeer F.P. & Johnston E.R. b190 c127368d127368